000 00402nam a2200169Ia 4500
008 230524s9999 xx 000 0 und d
020 _a8173714156
082 _a4.6
_bPAT
100 _aDebashis Pati
245 0 _aMarketing Research
250 _aIST
260 _aHYDERABAD
_bUniversities Press
_c2003
300 _aIX;677
500 _aQuantity Number: 2
650 _aManagement
942 _cBK
999 _c46564
_d46564